000 00656nam a2200289Ia 4500
001 Z_5028
003 CHAP
008 220113s1982 xx 000 0 und d
010 _a168084
040 _cCHAP
082 _a809.4 L6
100 _aLoret de Mola, Carlos
_9142350
245 _aEl juicio /
_cpor Carlos Loret de Mola
260 _aMéxico, D. F. :
_bGrijalbo,
_c1982
300 _a156 p.
440 _a
500 _a
503 _a
650 _aEnsayos políticos
_9142351
650 _aPolítica
_xLiteratura I. t.
_9142352
901 _a809.4 L6
902 _aA
910 _a1982
942 _c1
942 _cc1
999 _c168084
_d168084